[Event "FRA-ch Railways-A"]
[Site "St Mandrier"]
[Date "2015.04.07"]
[Round "4"]
[White "Gering, Damien"]
[Black "Gerthoffert, Jean Marie"]
[Result "0-1"]
[WhiteElo "1764"]
[BlackElo "1643"]
[PlyCount "88"]
[EventDate "2015.04.07"]
[EventType "swiss"]
[EventRounds "7"]
[EventCountry "FRA"]
[SourceTitle "EXT 2016"]
[Source "ChessBase"]
[SourceDate "2015.10.08"]
[SourceVersion "1"]
[SourceVersionDate "2015.10.08"]
[SourceQuality "1"]

1. e4 c5 2. Nf3 Nc6 3. d4 cxd4 4. Nxd4 g6 5. Be2 Bg7 6. c3 Nf6 7. f3 0-0 8. Be3 d5 9. Nxc6 bxc6 10. e5 Nd7 11. f4 Nb6 12. Na3 Bf5 13. Bd3 Qc8 14. h3 Rd8 15. g4 Be4 16. 0-0 f5 17. g5 Bf8 18. b3 e6 19. Nc2 c5 20. Bxe4 dxe4 21. Qe2 Rd3 22. c4 a5 23. Ne1 Rd7 24. h4 Qa6 25. Rd1 Rad8 26. Ng2 Nd5 27. Qf2 Nxe3 28. Nxe3 a4 29. h5 Qa5 30. Rxd7 Rxd7 31. Rd1 Rd3 32. Qe2 Qc3 33. Kf2 axb3 34. axb3 gxh5 35. Rxd3 exd3 36. Qd1 Qd4 37. Qxh5 Qxf4+ 38. Qf3 Qxe5 39. g6 Qb2+ 40. Kg1 hxg6 41. Qc6 Qe5 42. Kf2 d2 43. Qd7 f4 44. Ng4 Qe1+ 0-1

[Event "Selestat op-B 13th"]
[Site "Selestat"]
[Date "2006.02.??"]
[Round "2"]
[White "Gering, Damien"]
[Black "Meyer, Albert"]
[Result "1-0"]
[WhiteElo "1810"]
[BlackElo "1610"]
[PlyCount "67"]
[EventDate "2006.02.23"]
[EventType "swiss"]
[EventRounds "7"]
[EventCountry "FRA"]
[SourceTitle "CBM 111 Extra"]
[Source "ChessBase"]
[SourceDate "2006.05.09"]
[SourceVersion "1"]
[SourceVersionDate "2006.05.09"]
[SourceQuality "1"]

1. e4 Nf6 2. e5 Nd5 3. c4 Nb6 4. Nf3 d6 5. exd6 exd6 6. d4 Bg4 7. h3 Bxf3 8. Qxf3 Nc6 9. Be3 Be7 10. Nc3 Bf6 11. Qe4+ Qe7 12. 0-0-0 0-0 13. g4 Qxe4 14. Nxe4 d5 15. Nxf6+ gxf6 16. c5 Nd7 17. Bb5 Rab8 18. h4 a6 19. Ba4 b5 20. Bb3 Ne7 21. Bf4 Rbc8 22. Rhe1 Rfe8 23. h5 a5 24. a4 b4 25. Re2 Nf8 26. Rde1 Ne6 27. Be3 c6 28. Bc2 Rb8 29. b3 Rb7 30. f4 Kf8 31. Bxh7 Kg7 32. Bd3 Rh8 33. f5 Ng5 34. Bxg5 1-0

[Event "Selestat op-B 13th"]
[Site "Selestat"]
[Date "2006.02.??"]
[Round "1"]
[White "Schreiber, Pierrick"]
[Black "Gering, Damien"]
[Result "0-1"]
[WhiteElo "1450"]
[BlackElo "1810"]
[PlyCount "84"]
[EventDate "2006.02.23"]
[EventType "swiss"]
[EventRounds "7"]
[EventCountry "FRA"]
[SourceTitle "CBM 111 Extra"]
[Source "ChessBase"]
[SourceDate "2006.05.09"]
[SourceVersion "1"]
[SourceVersionDate "2006.05.09"]
[SourceQuality "1"]

1. e4 e5 2. Nf3 Nc6 3. Bc4 Bc5 4. c3 Nf6 5. d3 d6 6. Bg5 h6 7. Bh4 Bg4 8. Nbd2 g5 9. Bg3 Qd7 10. h3 Bh5 11. Qa4 0-0 12. Bb5 a6 13. Bxc6 bxc6 14. d4 exd4 15. cxd4 Bb6 16. Qc2 Ba5 17. 0-0 Rfe8 18. e5 Bg6 19. Qa4 Bxd2 20. Nxd2 dxe5 21. Bxe5 Nd5 22. Rfe1 f6 23. Bg3 Rab8 24. Nb3 Bc2 25. Rxe8+ Qxe8 26. Rc1 Bxb3 27. axb3 Rb6 28. Qc4 Kg7 29. Qc5 Qd7 30. Kh1 h5 31. Bh2 h4 32. Kg1 Nb4 33. Rc3 Rb5 34. Qa7 Nd5 35. Rc1 Rxb3 36. Qxa6 Rxb2 37. f3 Qe6 38. Qxc6 Qe2 39. Qd7+ Ne7 40. Qg4 Qe3+ 41. Kh1 Qxc1+ 42. Bg1 Rb1 0-1

[Event "Selestat op-B 13th"]
[Site "Selestat"]
[Date "2006.02.??"]
[Round "5"]
[White "Tanoh, Helene"]
[Black "Gering, Damien"]
[Result "1-0"]
[WhiteElo "1700"]
[BlackElo "1810"]
[PlyCount "50"]
[EventDate "2006.02.23"]
[EventType "swiss"]
[EventRounds "7"]
[EventCountry "FRA"]
[SourceTitle "CBM 111 Extra"]
[Source "ChessBase"]
[SourceDate "2006.05.09"]
[SourceVersion "1"]
[SourceVersionDate "2006.05.09"]
[SourceQuality "1"]

1. d4 f5 2. Nf3 Nf6 3. c4 g6 4. Nc3 Bg7 5. e3 d6 6. Bd2 c6 7. Rc1 0-0 8. Qb3 Qe8 9. d5 Nbd7 10. Na4 Ne4 11. Bb4 c5 12. Bc3 Nxc3 13. Nxc3 h6 14. Bd3 Ne5 15. Nxe5 Bxe5 16. f4 Bg7 17. Kd2 Qf7 18. Rcf1 b6 19. Qc2 e6 20. g4 exd5 21. Nxd5 Bb7 22. Rhg1 Bxd5 23. cxd5 Qxd5 24. gxf5 Qxa2 25. Rxg6 Qxb2 1-0